Millions fed : (Record no. 18786)

000 -LEADER
fixed length control field 00699cam a22001934a 4500
020 ## - INTERNATIONAL STANDARD BOOK NUMBER
ISBN 9780896296619 (alk. paper)
020 ## - INTERNATIONAL STANDARD BOOK NUMBER
ISBN 089629661X (alk. paper)
040 ## - CATALOGING SOURCE
Transcribing agency DLC
082 00 - DEWEY DECIMAL CLASSIFICATION NUMBER
Classification number 338 INT 2009 C152 Or.
245 00 - TITLE STATEMENT
Title Millions fed :
Remainder of title proven successes in agricultural development /
260 ## - PUBLICATION, DISTRIBUTION, ETC. (IMPRINT)
Place of publication Washington, D.C. :
Name of publisher International Food Policy Research Institute,
Year of publication c2009.
300 ## - PHYSICAL DESCRIPTION
Number of Pages viii, 165 p. :
Other physical details ill. (chiefly col.), col. maps ;
Dimensions 26 cm.
650 #0 - SUBJECT ADDED ENTRY--TOPICAL TERM
Topical Term Agricultural development projects
650 #0 - SUBJECT ADDED ENTRY--TOPICAL TERM
Topical Term Agriculture and state
700 1# - ADDED ENTRY--PERSONAL NAME
Personal name Spielman, David J.
700 1# - ADDED ENTRY--PERSONAL NAME
Personal name Pandya-Lorch, Rajul.
856 41 - ELECTRONIC LOCATION AND ACCESS
Uniform Resource Identifier http://www.ifpri.org/sites/default/files/publications/oc64.pdf
942 ## - ADDED ENTRY ELEMENTS (KOHA)
Koha item type ADB
952 ## - LOCATION AND ITEM INFORMATION (KOHA)
Withdrawn status [LOCAL, KOHA] 0
Holdings
Koha item type Source of acquisition Lost status Permanent Location Current Location Date acquired Full call number
សៀវភៅភាសាអង់គ្លេសA36968 Library Block CLibrary Block C2020-01-27338 INT 2009 C152 Or.
មជ្ឈមណ្ឌលឯការនៃសាកលវិទ្យាល័យភូមិន្ទកសិកម្មចំការដូង

Powered by Koha